000 01323nam0a22003251 4500
001 v19\rc\1682196
005 20061002150429.5
035 _a(NLR Aleph) 004787792
090 _a4697379
_c4697379
100 _a20061002d1895 |||y0rusy50 ca
101 1 _arus
_cfre
102 _aRU
105 _aa z |||||
200 1 _aРуководство к клиническому исследованию и распознаванию
_f[Соч.] Э. Спеля, проф. Мед. фак. в Брюсселе
_gПер. с 2 фр. изд. под ред. проф. Новорос. ун-та Б.Ф. Вериго
210 _aСанкт-Петербург
_cГл. воен.-мед. упр.
_d1895
215 _aXX, 612, XV с., 8 л. ил.
_cил.
_d24
300 _aПеред загл. авт.: E. Spehl
311 _aПрил. к "Воен.-мед. журн."
422 0 _12001#$aВоенно-медицинский журнал
700 1 _aСпель
_bЭ.
_f1854-
_gЭмиль
702 1 _aВериго
_bБ. Ф.
_f1860-1925
_gБронислав Фортунатович
_4340
801 0 _aRU
_bNLR
_gpsbo
801 0 _aRU
_bRuMoRGB
_2psbo
801 1 _aRU
_bProSoft-M
_2rusmarc
852 _aNLR
_j18.179.4.28
899 _aRuMoRGB
_jA 241/537
899 _aRuMoRGB
_jV 532/274
899 _aБАН
942 _cBOOK
980 _aNB